000 00506nam a22001697a 4500
005 20251108171748.0
008 250721s1984 xx 000 0 ara d
082 1 4 _aم/211/محم
100 1 _aمحمد، محمد مصطفى
245 1 0 _aالفهرس الموضوعي لآيات القرآن الكريم /
264 1 _aبغداد :
_bمطبعة الخلود،
_c1984.
300 _a547ص
650 1 7 _aالقرآن الكريم
650 1 7 _aالإسلام
942 _2ddc
_cREF
999 _c61895
_d61895